Sistem maklumat kilang papan (SIS)

Bibliographic Details
Main Author: WOON
Other Authors: Maizura Ishak, Shahira Ishak
Format: Book
Published: Kuala Lumpur : Institut Penyelidikan Perhutanan Malaysia , 1999
Series:FRIM technical information handbook ; no. 29
Subjects:

MARC

LEADER 00000cam a2200000 7i4500
001 0000002615
005 20030828.0
020 0 0 |a 9832181038 
090 0 0 |a 674.2   |b WOO 1999 
100 1 0 |a WOON   |h Weng Chuen 
245 1 0 |a Sistem maklumat kilang papan (SIS)   |c disediakan oleh Woon Weng Chuen, Maizura Ishak, Shahira Ishak 
260 0 0 |a Kuala Lumpur :   |b Institut Penyelidikan Perhutanan Malaysia ,   |c 1999 
300 |a 48 p. :   |b ill. ;   |c 23 cm. 
440 0 0 |a FRIM technical information handbook ; no. 29 
650 0 0 |a Sawmills   |z Malaysia   |x Information services 
700 0 1 |a Maizura Ishak 
700 0 1 |a Shahira Ishak 
998 |a JPSM 
999 |a 0000004304   |b Monograph   |c Open Shelf   |e Default branch